Brawl Stars Quiz - Basic - Statistics

General Stats
  • This quiz has been taken 535 times
  • The average score is 3 of 5
Answer Stats
Question Answer % Correct
Who can charge their supers even without attacking? Darryl
92%
Who is Scrappy? Jessie's turret
91%
What rarity is Gale now? Epic
88%
What is the time limit in Heist? 2:30
48%
How many gadgets does Colonel Ruffs has? 1
6%
No matching quizzes found
Score Distribution
Percent of People with Each Score
Percentile by Number Answered
Your Score History
You have not taken this quiz